00550nam a2200205 a 4500001001300000003000900013005001700022008004100039020002300080082001500103100002100118245003800139260004200177300000900219500003500228505002400263650001300287650002300300700002100323nice12345678IN_TiNIC20260116013310.0050524s1996 dela grp 000 0 eng  a8173055 c90000a294.5bDAN aDange, Sadashiva aTowards Understanding Hindu Myths aDelhibAryan Book Internationalc1996 a497p aincludes index and biblioraphy2 aBibliography, Index aHinduism aMythology-Hinduism1 aDange, Sadashiva